| 000 | 00668nam a2200181 i 4500 | ||
|---|---|---|---|
| 001 | 165540 | ||
| 003 | ES-MaACL | ||
| 005 | 20231204204211.0 | ||
| 008 | 050825s1876 sp |||| | spa d | ||
| 080 | _a821.134.2-32"18" | ||
| 100 | 1 |
_aSolsona y Baselga, Conrado. _9132808 |
|
| 245 | 1 | 0 |
_aSubir para caer : _b(narración de costumbres) / _cpor Conrado Solsona ; con un prólogo de Luis Vidart. |
| 260 |
_aMadrid : _b[s.n.], _c1876 ( _fImp. y Fundición de M. Tello) |
||
| 300 |
_a174 p. ; _c17 cm. |
||
| 700 | 1 |
_aVidart, Luis, _d1833-1897 _9114538 |
|
| 852 |
_aES-MaACL _jT-301-F-2 _z- Enc. hol. _z- Enc. en un vol. facticio |
||
| 999 |
_c165540 _d165540 |
||